LEADER 01200nam0-22003131i-450- 001 990000441650403321 005 20001010 035 $a000044165 035 $aFED01000044165 035 $a(Aleph)000044165FED01 035 $a000044165 100 $a20001010d--------km-y0itay50------ba 101 0 $aita 105 $ay-------001yy 200 1 $aCriteri e metodi di recupero dei manufatti di media quota nelle montagne della Carnia$elimiti delle riconversioni funzionalicompatibili$eDottorato di ricerca in ingegneria per il recupero edilizio e l'innovazione tecnologica XI ciclo$fCarla Alessandrini 210 $as.l.$cs.e.$ds.d. 215 $a271 p.$cill.$d30 cm 300 $aIn testa al front.: Università degli studi di Napoli Federico II Università degli studi di Trento, Università degli studi Trieste 610 0 $aRecupero Edilizio 676 $a720.28 700 1$aAlessandrini,$bCarla$0339442 801 0$aIT$bUNINA$gRICA$2UNIMARC 901 $aBK 912 $a990000441650403321 952 $a08 HH 35$b989$fDINED 959 $aDINED 996 $aCriteri e metodi di recupero dei manufatti di media quota nelle montagne della Carnia$9333667 997 $aUNINA DB $aING01 LEADER 01184nam0-22003011i-450- 001 990001753550403321 005 20071108141714.0 035 $a000175355 035 $aFED01000175355 035 $a(Aleph)000175355FED01 035 $a000175355 100 $a20030910d1988----km-y0itay50------ba 101 0 $aita 200 1 $aInfluenza del microcampionamento sulla valutazione del guadagno genotipico per alcuni caratteri di qualità del legno in Populus X euramericana$fGiuseppe Ferrari 210 $aRoma$cSocietà Agricola e Forestale$d1988 215 $a6 p.$d27 cm 225 1 $aQuaderni di ricerca$fCentro di sperimentazione agricola e forestale, Istituto di sperimentazione per la pioppicoltura$v22 610 0 $aSelvicoltura 676 $a634.95 700 1$aFerrari,$bGiuseppe$c$01061 801 0$aIT$bUNINA$gRICA$2UNIMARC 901 $aBK 912 $a990001753550403321 952 $a60 634.95 B 33/22C$fFAGBC 952 $a60 634.95 B 33/22B$b2282$fFAGBC 959 $aFAGBC 996 $aInfluenza del microcampionamento sulla valutazione del guadagno genotipico per alcuni caratteri di qualità del legno in Populus X euramericana$9363469 997 $aUNINA